| 000 | 00365 a2200157 4500 | ||
|---|---|---|---|
| 001 | 69118 | ||
| 020 | _a8599007211 | ||
| 040 | _cAnchieta - Itaigara | ||
| 100 | _aGouveia, Luis Augusto | ||
| 240 | 1 | 0 |
_aLivro, livro e mais livro _lpor |
| 245 | 1 | 0 | _aLivro, livro e mais livro |
| 300 | _a24 | ||
| 362 | 0 | _a2005 | |
| 650 | 4 | _aLiteratura infanto-juvenil | |
| 942 | _cBK | ||
| 999 |
_c69118 _d69118 |
||